| 000 | 01009nam a2200217 a 4500 | ||
|---|---|---|---|
| 001 | 000048009 | ||
| 005 | 20210420113210.0 | ||
| 008 | 181015s2004 dr ac 000 m spa d | ||
| 040 |
_aDO-SdBNP _bspa _cBNPHU |
||
| 082 |
_axxxx _bS623d |
||
| 245 | 0 | 0 |
_aSistematización y documentación de las mejores prácticas prevención VIH/SIDA en población joven entre 10-18 años, en la República Dominicana / _cIrene López Severino...[et. al.]. |
| 260 |
_aSanto Domingo : _bCoalición de Organizaciones no Gubernamentales en el Área de VIH/SIDA de la República Dominicana, _bUNICEF, _c2004. |
||
| 300 |
_a90 p. : _bil. ; _c28 cm. |
||
| 590 | _aInventariado, 2019/LP | ||
| 700 | 1 |
_aLópez S., Irene _975510 |
|
| 700 | 1 |
_aGómez, Hoisex _975511 |
|
| 700 | 1 |
_aBáez, Margarita _975512 |
|
| 700 | 1 |
_aPortes Carrasco, Ramón _932158 |
|
| 710 | 2 |
_aCoalición de Organizaciones no Gubernamentales en el Área de VIH/SIDA de la República Dominicana _975513 |
|
| 710 |
_aFondo de las Naciones Unidas para la Infancia _99270 |
||
| 999 |
_c47497 _d47497 |
||